000 01067nam a2200265Ia 4500
003 OSt
005 20221005105733.0
006 a|||||r|||| 00| 0
007 ta
008 221004b |||||||| |||| 00| 0 hin d
020 _a9789381479735 (pbk)
_c60
024 _a24325
037 _b306, 24/01/2016, Eastern Book Linkers
_cTextual
040 _aCRL
_cCRL
_bhin
041 _2hin
_ahin
082 _aO152,1:g, Q5
100 _aकुकरकती, हेमन्त, संपा.
245 0 _aहिन्दी कविता
_b आदिकालीन एवं भक्तिकालीन काव्य
246 _aHindī kavitā: ādikālīn evan bhaktikālīn kāvya
260 _aनई दिल्ली
_bसतीश बुक डिपो भारत
_c2015
300 _a112पृ0
_ccm.
650 _aहिन्दी साहित्य
942 _hO152,1:g, Q5
_cTEXL
_2cc
999 _c1016752
_d1016752